Normal view
MARC view
- Supreme Court of Uganda
Entry Topical Term
001 - CONTROL NUMBER
- control field: 67711
003 - CONTROL NUMBER IDENTIFIER
- control field: OSt
005 - DATE AND TIME OF LATEST TRANSACTION
- control field: 20260407132307.0
008 - FIXED-LENGTH DATA ELEMENTS
- fixed length control field: 260407|| aca||aabn | a|a d
040 ## - CATALOGING SOURCE
- Original cataloging agency: OSt
- Transcribing agency: OSt
150 ## - HEADING--TOPICAL TERM
- Topical term or geographic name as entry element: Supreme Court of Uganda
670 ## - SOURCE DATA FOUND
- Source citation: Work cat.: (OSt)40187: The high court bulletin [2013] H.C.B Vol. 1 : , January/December 2013.